000 00587cam a22002171 4500
001 sa 67006851
003 DLC
005 20260227112411.0
008 820810s1966 ii 000 0 eng
010 _asa 67006851
035 _a(OCoLC)8676034
040 _aDLC
_cMoU
_dDLC
042 _apremarc
050 0 0 _aBJ1581
_b.A52 1966
100 1 _aAllen, James,
_d1864-1912.
245 1 0 _aBy ways of blessedness.
250 _a[1st ed.]
260 _aTirunelveli,
_bSouth India Saiva Siddhanta Works Pub. Society, Tinnevelly,
_c1966.
300 _a140 p.
650 0 _aConduct of life.
999 _c76200
_d76200